Statistics for Guess the Lamborghini Model

Click here to take the quiz!

General Stats

  • This quiz has been taken 222 times
  • The average score is 8 of 11

Answer Stats

Answer% Correct
countach
90%
urus
90%
huracan
87%
aventador
78%
gallardo
78%
miura
73%
diablo
71%
murcielago
71%
sian
66%
egoista
46%
jarama
24%

Score Distribution

Percentile by Number Answered

Percent of People with Each Score

Your Score History

You have not taken this quiz